| 000 | 00431nam a22000977a 4500 | ||
|---|---|---|---|
| 008 | 171002b xxu||||| |||| 00| 0 eng d | ||
| 100 | _aStets, Robert | ||
| 245 | _aStreet car R.P.O. service in Philadelphia | ||
| 260 |
_aOmaha, Neb. _bMobile Post Office Society _c1978 |
||
| 650 | _aUnited States -- Pennsylvania -- Philadelphia | Street Car Mail | Mobile Post Offices | Transportation of Mail | Postal History | Railway Mail | Postal Routes | ||
| 999 |
_c2496 _d2496 |
||